Reinvensi Pembangunan Ekonomi Daerah: Bagaimana Membangun Kesejahteraan Daerah (Record no. 18362)

000 -LEADER
fixed length control field 00472nam a2200145Ia 4500
020 ## - INTERNATIONAL STANDARD BOOK NUMBER
ISBN 978-979-075-987-9
084 ## - OTHER CLASSIFICATION OF CALL NUMBER
Call Number (Nomor Katalog) 1128-0033 SUS Gov Bo
100 ## - MAIN ENTRY--AUTHOR NAME
Personal name (Pengarang) A.B. Susanto
245 #0 - TITLE STATEMENT
Sub Title (Anak Judul) Reinvensi Pembangunan Ekonomi Daerah: Bagaimana Membangun Kesejahteraan Daerah
260 ## - PUBLICATION, DISTRIBUTION, ETC. (IMPRINT)
Place of publication (Tempat Terbit/Kota) Jakarta
Name of publisher (Nama Penerbit) Esensi
Year of publication (Tahun Terbit) 2010
300 ## - PHYSICAL DESCRIPTION
Number of Pages (Jumlah Halaman) i-xv + 292 hlm
650 ## - SUBJECT ADDED ENTRY--TOPICAL TERM
Topical Term (Topik 1) Government (Pemerintahan)
Relator term (Topik 2) G-O-V
Chronological subdivision (Topik 5) Membangun Kesejahteraan Daerah
942 ## - ADDED ENTRY ELEMENTS (KOHA)
Koha item type Books (Buku)
Holdings
Withdrawn status Lost status Damaged status Not for loan Permanent Location (Lokasi Permanen) Current Location (Lokasi Sekarang) Shelving location (Lokasi Rak) Date acquired Cost, normal purchase price (Harga Buku) Full call number (Nomor Katalog) Barcode Price effective from Koha item type (Jenis Koleksi)
        MAP Library MAP Library Bookshelf 03/26/2022 8.00 1128-0033 SUS Gov Bo 11280033 03/26/2022 Books (Buku)